000 00302nam a22001337a 4500
008 170606b xxu||||| |||| 00| 0 eng d
020 _a9781555876265
041 _aeng
080 _a94
100 _a18
101 _aSHH
245 _aNGOS, THE UN & GLOBAL GOVERNANCE
_cWEISS, TH.G
942 _2udc
_cBK
999 _c16045
_d16045